000 00659nam a2200217Ia 4500
008 100315s9999 xx 000 0 und d
040 _cENGLISH 
082 _b8639 
_a658 
100 _a"Rajneesh, Acharya "
245 _aFlight of the Alone to the Alone
260 _aBOMBAY 
_bIshwarlal  
_c1970 
300 _a35 
365 _eRupees 
_d
_b0.00 
366 _f
505 _gRamakant Amar Navghare 
530 _bDonated By RBI Library  
620 _a"Flight of the Alone to the Alone, Management, Meditation. "
630 _aFlight of the Alone to the Alone
730 _aFlight of the Alone to the Alone
942 _cBOOK
999 _c483374
_d483371